Experimental study on geotechnical properties of coarse grained soils

Salvato in:
Dettagli Bibliografici
Autore principale: Szabóová, Csilla (Autore)
Altri autori: Frankovská, Jana (Relatore della tesi)
Natura: Manoscritto Libro
Lingua:slovacco
inglese
Pubblicazione: 2025
Soggetti:
Accesso online:http://is.stuba.sk/zp/portal_zp.pl?podrobnosti=184855
CRZP
Tags: Aggiungi Tag
Nessun Tag, puoi essere il primo ad aggiungerne!!

MARC

LEADER 00000ntm a22000003a 4500
001 stuzp104390
003 SK-STU
005 20250801110252.2
007 ta
008 150427s2015----xo-----f-mn---000-0-slo-d
040 |a STU  |b slo 
041 0 |a eng 
100 1 |a Szabóová, Csilla  |u 010150  |4 aut  |U SvF Stavebná fakulta  |T SvF Katedra geotechniky  |X 112550  |U V150  |Y 15  |7 112550 
242 0 1 |a Experimentálne skúšanie vlastností hrubozrnných zemín  |y slo 
245 1 0 |a Experimental study on geotechnical properties of coarse grained soils 
260 |c 2025 
650 4 |a shear strength  |2 eng 
650 4 |a permeability  |2 eng 
650 4 |a coarse-grained soil  |2 eng 
650 4 |a šmyková pevnosť  |2 slo 
650 4 |a hrubozrnné zeminy  |2 slo 
650 4 |a priepustnosť  |2 slo 
700 1 |a Frankovská, Jana  |u 010150  |k Z1  |4 ths  |U SvF Stavebná fakulta  |T SvF Katedra geotechniky  |X 3849  |U V150  |Y 15  |7 A000003849 
856 4 |u http://is.stuba.sk/zp/portal_zp.pl?podrobnosti=184855 
856 4 |u https://opac.crzp.sk/?fn=detailBiblioForm&sid=226A7A544DA3649F66573BE9F6D0  |z CRZP